AH International Schools' Libraries

Unreal: Can you tell fact from fake? (Record no. 49720)

MARC details
000 -LEADER
fixed length control field 00387nam a2200121 4500
020 ## - INTERNATIONAL STANDARD BOOK NUMBER
International Standard Book Number 9781761180347
100 ## - MAIN ENTRY--PERSONAL NAME
Personal name Simpson, Kate,
Relator term author.
9 (RLIN) 86834
245 ## - TITLE STATEMENT
Title Unreal: Can you tell fact from fake?
Statement of responsibility, etc Kate Simpson, Illustrated by Leila Rudge.
260 ## - PUBLICATION, DISTRIBUTION, ETC. (IMPRINT)
Name of publisher, distributor, etc A&U Children:
Date of publication, distribution, etc July 2, 2024.
300 ## - PHYSICAL DESCRIPTION
Extent 64 pages.
Dimensions 10.12 x 0.47 x 12.05 inches.
650 ## - SUBJECT ADDED ENTRY--TOPICAL TERM
9 (RLIN) 22410
Topical term or geographic name as entry element Animals.
942 ## - ADDED ENTRY ELEMENTS (KOHA)
Source of classification or shelving scheme
Koha item type Book
Holdings
Withdrawn status Lost status Source of classification or shelving scheme Damaged status Not for loan Home library Current library Date acquired Total Checkouts Full call number Barcode Date last seen Date checked out Price effective from Koha item type
          Logos International School Logos International School 11/11/2025 2 J 001.9 SIM 041925 01/26/2026 12/01/2025 11/11/2025 Book

For any Logos Library related questions please contact Miss Art at swongnarasuk@asianhope.org.

For any Asian Hope Library related questions please contact Miss Raza at graza@asianhope.org.

Powered by Koha